015010000a22003250004500003001100000008004100011040003900052041000800091082001300099245002100112260001300133300000900146650012000155650004500275650006800320650005700388650005900445650004700504650005200551650006200603650005400665650004500719650005900764650008300823650006900906650006500975650005901040650004601099700003001145LK-CoMWRAF230817t ||||| |||| 00| 0 eng d aLK-CoMWRAFdLK-CoMWRAFeLK-CoMWRAF aeng a910bMUT aThis Man Razikb bac1963 ap.70 aA Souvernir to Commemorate the Completion of Fifty Years of Service to Sri Lanka and Golden Wedding - June 26, 1963 aMaiden Speech in the State Council, 1936 aPrincipal events connected with the life and times of Sir Razik aSir Razik a Great Statesman by Wijayananda Dahanayak aSir Razik an Asset to the Country by Sir Albert Peries aSir Razik and Education by Mrs.Ayisha Rauf aSir Razik Connoisseur of Orchids by G.A.Andries aSir Razik the Lover of Poultry by Prabhakar Muthu Krishna aSir Razik the Politician by Lady Adeline Molamure aSir Razik the Sportsman by Eric de Soysa aSir Razik the State Councillor by Jeganathan Tyagaraja aSpeech in Support of Accepting the White Paper on Constitutional Reforms, 1945 aSpeech in Support of Sinhala only as the Official Language, 1944 aSpeech in the Parliament on the Official Language Bill, 1956 aSpeech in the Senate on Ceylonisation of Imports, 1950 aTribute to Sir Razik by Viscount Soulbury aMutukumara,, Nemsirieed.